header

War and international justice (Record no. 229155)

MARC details
000 -LEADER
fixed length control field 01291nam a2200337 a 4500
082 04 - DEWEY DECIMAL CLASSIFICATION NUMBER
Classification number 172/.42
100 1# - MAIN ENTRY--AUTHOR NAME
Personal name Orend, Brian,
245 10 - TITLE STATEMENT
Title War and international justice
260 ## - PUBLICATION, DISTRIBUTION, ETC. (IMPRINT)
Place of publication Waterloo, Ont. :
Name of publisher Wilfrid Laurier University Press,
Year of publication c2000.
300 ## - PHYSICAL DESCRIPTION
Number of Pages xi, 299 p.
650 #0 - SUBJECT ADDED ENTRY--TOPICAL TERM
Topical Term War
Topical Term Just war doctrine.
856 40 - ELECTRONIC LOCATION AND ACCESS
Uniform Resource Identifier http://site.ebrary.com/lib/rucke/Doc?id=2001930

No items available.

© 2026 Rongo University
Contact us: librarian | system librarian | Rongo university